Quiz histoire alphabet - Statistiques

Statistiques générales
  • Ce quiz a été pris 169 fois
  • Le résultat moyen est 16 sur 26
Statistiques - réponses
Lettre Indice Réponse % Correct
B Capitale européenne où se trouve le siège de la Commission Européenne Bruxelles
99%
R Pays d'Afrique ayant était le théâtre d'un génocide dans les années 90 Rwanda
92%
L Frères originaires de Besançon connus pour avoir réaliser la première projection collective gratuite de films Frères Lumière
89%
J Femme française ayant diriger les armées françaises face aux Anglais à l'âge de 19 ans Jeanne d'Arc
89%
P Fonction politique occupée notamment par Churchill, Cameron ou Thatcher Premier Ministre
89%
V Ville italienne se situant dans un lagon. C'est un ancien royaume de commerçants et navigateurs connu notamment pour son carnaval ou son palais des Doges Venise
89%
Q Nom donné au mandat présidentiel français Quinquennat
88%
O Montagne grecque qui, dans la mythologie, abriterai la demeure des dieux en son sommet Olympe
86%
G Astrologue italien ayant prouver la théorie de l'héliocentrisme Galilée
83%
H Général Carthaginois connu pour avoir traverser les Alpes avec ses éléphants et assiéger Rome Hannibal Barca
65%
C Navigateur français ayant découvert le Canada Jacques Cartier
65%
K Mot grec pouvant se traduire par "pouvoir" et ayant former les mots actuels "démocratie", "technocratie" ou "thalassocratie" entre autre Kratos
63%
I Ancienne colonie néerlandais devenue indépendante le 17 août 1945 Indonésie
60%
T Dirigeant l'ex-Yougoslavie de 1919 à sa mort en 1980 Josip Broz Tito
60%
S Ancien nom de la Thaïlande Siam
58%
M Chercheur russe ayant mis au point le célèbre tableau périodique des éléments Dimitri Mendeleiev
54%
U Pape ayant lancer la première croisade de l'Histoire Urbain II
53%
Y Maison royale anglaise, rivale des Lancaster York
52%
A Fondateur et premier président de la république de Turquie Atatürk
45%
N Ancien nom de New York Nouvelle-Amsterdam
44%
D Région d'Europe de l'Est disputée par la Russie et l'Ukraine Donbass
39%
F Surnom donné à la première bombe atomique lâchée sur Nagasaki le 9 août 1945 Fat Man
33%
X Roi perse, fils de Darius ayant régner sur un Empire s'étendant de l'Asie à l'Afrique Xerxès Ier
32%
E Chef viking principalement connu pour avoir découvert le Groenland Erik le Rouge
28%
W Conférence organisée par certains chefs nazis afin de mettre en place la Solution Finale Wannsee
16%
Z Navigateur chinois du XVème siècle ayant naviguer jusqu'au Moyen-Orient Zheng He
2%
Aucun quiz correspondant
Distribution des résultats
% des personnes avec chaque résultat
Percentile par nombre de réponses
Votre historique - résultats
Vous n’avez pas pris ce quiz